000
00289nam a2200121Ia 4500
005
20251222141801.0
008
251222s9999||||xx |||||||||||||| ||spa||
082
_a
421/T48
100
_a
Thornley, M.A.
245
2
_a
A Traveller's Cheque and Other Stories
264
_b
Longman
942
_c
LIB
999
_c
6145
_d
6145